Specifications for practical architecture, preceded by an essay on the decline of excellence in the structure and in the science of modern English buildings; with the proposal of remedies for those defects (Record no. 114215)

MARC details
000 -LEADER
fixed length control field 00833cam a22001935a 4500
001 - CONTROL NUMBER
control field L156369
008 - FIXED-LENGTH DATA ELEMENTS--GENERAL INFORMATION
fixed length control field 120515s1839 xxk f 000 0 eng d
035 ## - SYSTEM CONTROL NUMBER
System control number (Sirsi) u156369
041 0# - LANGUAGE CODE
Language code of text/sound track or separate title eng
100 1# - MAIN ENTRY--PERSONAL NAME
Personal name Bartholomew, Alfred
Dates associated with a name 1801-1845
245 00 - TITLE STATEMENT
Title Specifications for practical architecture, preceded by an essay on the decline of excellence in the structure and in the science of modern English buildings; with the proposal of remedies for those defects
Statement of responsibility, etc. By Alfred Bartholomew ... With one hundred and sixty demonstrations, engraved on wood by R. Hart
260 ## - PUBLICATION, DISTRIBUTION, ETC.
Place of publication, distribution, etc. London
Name of publisher, distributor, etc. J. Williams
Date of publication, distribution, etc. 1839
300 ## - PHYSICAL DESCRIPTION
Extent [895] p.
Other physical details illus., plans, diagrs.
Dimensions 22 cm.
583 ## - ACTION NOTE
Action Condition reviewed
Time/date of action 20120620
Status condition level 2
651 #4 - SUBJECT ADDED ENTRY--GEOGRAPHIC NAME
Geographic name Great Britain
Chronological subdivision 1707-
690 ## - LOCAL SUBJECT ADDED ENTRY--TOPICAL TERM (OCLC, RLIN)
Topical term or geographic name as entry element Design and specification
700 1# - ADDED ENTRY--PERSONAL NAME
Personal name Hart, R.
942 ## - ADDED ENTRY ELEMENTS (KOHA)
Suppress in OPAC 0
Holdings
Withdrawn status Lost status Damaged status Not for loan Home library Current library Shelving location Date acquired Total Checkouts Full call number Barcode Date last seen Copy number Price effective from Koha item type
        Historic collection Historic collection Historic collection 15/05/2012   INFRASTRUCTURE QUARTO 1839 BARTHOLOMEW 30075867 20/08/2025 1 06/08/2019 Book